<?xml version="1.0" encoding="UTF-8"?><?xml-stylesheet type="text/xsl" href="static/style.xsl"?><OAI-PMH xmlns="http://www.openarchives.org/OAI/2.0/" xmlns:xsi="http://www.w3.org/2001/XMLSchema-instance" xsi:schemaLocation="http://www.openarchives.org/OAI/2.0/ http://www.openarchives.org/OAI/2.0/OAI-PMH.xsd"><responseDate>2026-06-29T01:27:46Z</responseDate><request verb="GetRecord" identifier="oai:docta.ucm.es:20.500.14352/104267" metadataPrefix="marc">https://docta.ucm.es/rest/oai/request</request><GetRecord><record><header><identifier>oai:docta.ucm.es:20.500.14352/104267</identifier><datestamp>2024-05-21T09:04:47Z</datestamp><setSpec>com_20.500.14352_14</setSpec><setSpec>col_20.500.14352_21</setSpec></header><metadata><record xmlns="http://www.loc.gov/MARC21/slim" xmlns:dcterms="http://purl.org/dc/terms/" xmlns:xsi="http://www.w3.org/2001/XMLSchema-instance" xmlns:doc="http://www.lyncode.com/xoai" xsi:schemaLocation="http://www.loc.gov/MARC21/slim http://www.loc.gov/standards/marcxml/schema/MARC21slim.xsd">
   <leader>00925njm 22002777a 4500</leader>
   <datafield ind2=" " ind1=" " tag="042">
      <subfield code="a">dc</subfield>
   </datafield>
   <datafield ind2=" " ind1=" " tag="720">
      <subfield code="a">Alvira Cabrer, Martín</subfield>
      <subfield code="e">author</subfield>
   </datafield>
   <datafield ind2=" " ind1=" " tag="260">
      <subfield code="c">2014</subfield>
   </datafield>
   <datafield ind2=" " ind1=" " tag="520">
      <subfield code="a">En esta contribución se estudian las operaciones militares fronterizas y las incursiones realizadas por los cristianos del reino de Castilla y la Corona de Aragón entre 1209 y 1211. Estas operaciones fueron las que provocaron la ruptura de hostilidades con el Califato Almohade y la guerra que conduciría a la gran campaña de Las Navas de Tolosa (verano 1212).</subfield>
   </datafield>
   <datafield ind1="8" ind2=" " tag="024">
      <subfield code="a">Alvira Cabrer, Martín, “Prendiendo el fuego de la guerra. Operaciones militares en las fronteras cristiano-almohades entre 1209 y 1211”, en Iglesia, Guerra y Monarquía en la Edad Media: Miscelánea de estudios medievales, ed. José Peña González y Manuel Alejandro Rodríguez de la Peña, Madrid, CEU Ediciones, 2014, pp. 139-192.</subfield>
   </datafield>
   <datafield ind1="8" ind2=" " tag="024">
      <subfield code="a">978-84-15949-37-4</subfield>
   </datafield>
   <datafield ind1="8" ind2=" " tag="024">
      <subfield code="a">https://hdl.handle.net/20.500.14352/104267</subfield>
   </datafield>
   <datafield ind1="8" ind2=" " tag="024">
      <subfield code="a">https://www.ceuediciones.es/catalogo/libros/historia/iglesia-guerra-y-monarquia-en-la-edad-media-miscelanea-de-estudios-medievales/</subfield>
   </datafield>
   <datafield ind2="0" ind1="0" tag="245">
      <subfield code="a">"Prendiendo el fuego de la guerra". Operaciones militares en las fronteras cristiano-almohades entre 1209 y 1211</subfield>
   </datafield>
</record></metadata></record></GetRecord></OAI-PMH>